1561 1908 1154 1103 1512 1620 1625 1889 1657 1297 1485 1880 1670 1216 1075 1148 1450 1721 1596 1738 1382 1213 1216 1415 1123 1868 1298 1587 1607 1781 1826 1317 1985 1881 1862 1689 1978 1251 1005 1066 1379 1737 1681 1645 1126 1970 1354 1228 1325 1921 1728 1431 1512 1899 1349 1646 1900 1406 1706 1869 1476 1785 1125 1170 1121 1638 1700 1554 1753 1730 1418 1831 1759 1898 1287 1296 1604 1594 1094 1180 1855 1065 1888 1767 1072 1742 1873 1808 1809 1095 1471 1860 1474 1805 1217 1783 1803 1627 1467 BCNSPRNW ULIB Ver.6.0+V

เปลี่ยนเป็นภาษาไทย

Change to English
 แสดงรายละเอียดบรรณานุกรม
  กลับหน้าหลัก

Brief Record : Get Marc (ISO 2709) : E-mail record : QR code < ปิดหน้าต่าง
LEADER : 00000nam 2200000uu 4500
001    13399110732
003     ULIB
008    110608s2551||||th 000 0 tha d
020    9789744140746
041 1  tha^heng
050  4 BF698^bค335ถ 2551
100 1  คาร์เตอร์, ฟิลิป เจ.
245 10 ถอดรหัสบุคลิกภาพและความฉลาดของคุณ =^bIQ and personalitytests /^cPhilip Carter, ผู้เขียน ; แปลและเรียบเรียงโดย: ปฏิพล ตั้งจักรวรานนท์
246 31 IQ and personality tests
250    พิมพ์ครั้งที่ 2
260    กรุงเทพฯ :^bบิสคิต,^c2551
300    313 หน้า ;^c21 ซม.
650  7 การทดสอบบุคลิกภาพ
650  7 ปัญญา^xการทดสอบ
650  7 ระดับสติปัญญา
700 0  ปฏิพล ตั้งจักรวรานนท์,^eผู้แปล
700 12 Carter, Philip J..^tIQ and personality tests
945    ^p220^l0^i18251
945    ^p220^l0^i15162
995    กัณชพร
999    ^aใช้งานได้ทุกระบบ
รายการนี้ยังไม่มีแท็ก
คุณยังไม่ได้ล็อกอิน คุณสามารถมีกิจกรรมร่วมกับเว็บไซต์ได้ แต่ต้องล็อกอินก่อน ::
  ล็อกอิน

รายการสื่อสารสนเทศ

ลำดับที่ ประเภท เลขเรียก/บาร์โค้ด สถานที่ สถานะ
1. วิทยาศาสตร์การแพทย์ และสุขภาพ
วิทยาศาสตร์การแพทย์ และสุขภาพ
BF698 ค335ถ 2551 ฉ.2 
  Barcode: 15162
ห้องสมุดวิทยาเขตสวรรค์ประชารักษ์
►หนังสือทั่วไป
บนชั้น

รายการใกล้เคียง
    ผู้แต่ง [คาร์เตอร์, ฟิลิป เจ.]

    หัวเรื่อง [การทดสอบบุคลิกภาพ]
    หัวเรื่อง [ระดับสติปัญญา]

BibComment


ยังไม่เคยถูกคอมเมนท์

คอมเมนท์ทรัพยากรรายการนี้
  คอมเมนท์: ถอดรหัสบุคลิกภาพแ..


 Copyright 2026. Bcnsprnw @Library